Kabale University Library Catalogue

Normal view MARC view
  • Calculus

Entry Topical Term

Number of records used in: 2

001 - CONTROL NUMBER

  • control field: 14753

003 - CONTROL NUMBER IDENTIFIER

  • control field: OSt

005 - DATE AND TIME OF LATEST TRANSACTION

  • control field: 20251208154633.0

008 - FIXED-LENGTH DATA ELEMENTS

  • fixed length control field: 251208|| aca||aabn | a|a d

040 ## - CATALOGING SOURCE

  • Original cataloging agency: OSt
  • Transcribing agency: OSt

150 ## - HEADING--TOPICAL TERM

  • Topical term or geographic name entry element: Calculus
  • Form subdivision: Textbooks

670 ## - SOURCE DATA FOUND

  • Source citation: Work cat.: (OSt)5851: Larson, Ron, 1941- 14752, Calculus :, 2009.

Kabale University Library | Kabale University P.O Box 317, Kabale, Uganda
Tel : +256754017033, +256774661503 E-mail : library@kab.ac.ug